000 01095nam a22002177a 4500
999 _c57019
_d57019
003 Ge_BSU
005 20191016174328.0
008 191016s2019 ge ||||| |||| 00| 0 geo d
020 _a9789941138317
041 _ageo
080 _a517.51 ო-47
100 _aონიანი,გიორგი.
_94778
245 _aნამდვილი ანალიზის საფუძვლები :
_bსახელმძღვანელო /
_cგიორგი ონიანი ; ვახტანგ კოკოლაშვილი .
264 _aთბილისი :
_bსახელმწიფო უნ-ტის გამ-ბა,
_c2019.
300 _a454 გვ.:
_c20 სმ.
653 _aმათემატიკა
653 _aანალიზი
700 _aკოკილაშვილი, ვახტანგ
_eრედაქტორი
_94779
710 _eივანე ჯავახიშვილის თბილისის სახელმწიფო უნივერსიტეტი
_94783
942 _2udc
_cBK